Logo BPK

Biblioteka

Politechniki Koszalińskiej

Form and style : (Rekord nr 47822)

Szczegóły MARC
000 -ETYKIETA REKORDU
podpole kontrolne o stałej długości 00755nam a2200253 i 4500
001 - NUMER KONTROLNY REKORDU
pole kontrolne bgj
020 ## - MIĘDZYNARODOWY ZNORMALIZOWANY NUMER KSIĄŻKI - ISBN
ISBN 039535725X
040 ## - ŹRÓDŁO KATALOGOWANIA
Instytucja, która utworzyła rekord BPK
041 0# - KOD JĘZYKA
Kod języka tekstu eng
920 ## - Międzynarodowy znormalizowany numer książki – ISBN
ISBN 0-395-35725-X
008 - POLE O STAŁEJ DŁUGOŚCI - DANE KONTROLNE
podpole kontrolne o stałej długości s uk f |000 0 eng
100 1# - NAZWA OSOBOWA
Nazwa osobowa CAMPBELL, William Giles
Daty związane z nazwą (1902- )
245 10 - TYTUŁ/ODPOWIEDZIALNOŚĆ
Tytuł Form and style :
Ciąg dalszy tytułu theses, reports, term papers /
Pozostałe elementy strefy tytułu i oznaczenia odpowiedzialności William Giles Campbell ; Stephen Vaughan Vallou ; Carole Slade.
250 ## - STREFA WYDANIA
Oznaczenie wydania 7th ed.
260 ## - STREFA ADRESU WYDAWNICZEGO
Miejsce wydania Boston :
Nazwa wydawcy/dystrybutora Houghton Mifflin Company,
Data publikacji, dystrybucji/powstania dokumentu c. 1986.
300 ## - STREFA OPISU FIZYCZNEGO
Objętość XII, 226 pp :
Inne cechy fizyczne ill. ;
Rozmiary 28 cm.
505 ## - SFORMALIZOWANA UWAGA DOTYCZĄCA ZAWARTOŚCI
Pełny tekst uwagi Includes indexes.
650 #9 - HASŁO PRZEDMIOTOWE W FORMIE NAZWY OGÓLNEJ LUB JEDNOSTKOWEJ
Nazwa ogólna lub geograficzna Report writing
650 #9 - HASŁO PRZEDMIOTOWE W FORMIE NAZWY OGÓLNEJ LUB JEDNOSTKOWEJ
Nazwa ogólna lub geograficzna Dissertations, Academic
650 #9 - HASŁO PRZEDMIOTOWE W FORMIE NAZWY OGÓLNEJ LUB JEDNOSTKOWEJ
Nazwa ogólna lub geograficzna Abstracting
700 1# - HASŁO DODATKOWE - NAZWA OSOBOWA
Nazwa osobowa BALLOU, Stephen Vaughan
700 1# - HASŁO DODATKOWE - NAZWA OSOBOWA
Nazwa osobowa SLADE, Carole
856 ## - LOKALIZACJA I DOSTĘP DO ELEKTRONICZNYCH DOKUMENTÓW ZDALNYCH
Link (URL) http://koha.tu.koszalin.pl/cgi-bin/koha/opac-detail.pl?biblionumber=47822
Tekst linku Katalog online BPK
942 ## - DODATKOWE ELEMENTY (KOHA)
Typ dokumentu Książka
Egzemplarze
Wycofany Status egzemplarza Uszkodzony Dostępność Lokalizacja stała Lokalizacja bieżąca Miejsce przechowywania Sygnatura Kod kreskowy Typ dokumentu
      Dostępny Biblioteka Politechniki Koszalińskiej Biblioteka Politechniki Koszalińskiej Wypożyczalnia Językowa KA 4520 09089518 Książka
© 2023 Biblioteka Politechniki Koszalińskiej :: KOHA